Silhouettes: DC Superheroes Quiz Stats

 Plays Quiz Updated Aug 20, 2017

Challenge
Share
Tweet
Score 0/15 Timer 02:00
12 Plays Today
% Correct
Batman
97.4%
Green Arrow
94.9%
The Flash
94.6%
Wonder Woman
94.5%
Supergirl
93.3%
Cyborg
92.8%
Red Tornado
92.6%
Aquaman
92.6%
% Correct
Superman
92.2%
Doctor Fate
89.6%
The Atom
88.4%
Hawkman
88.3%
Black Canary
78.4%
Starfire
77.2%
Firestorm
71.2%

You're not logged in!

Compare scores with friends on all Sporcle quizzes.
OR
Log In

You Might Also Like...

Show Comments

Extras

Top Quizzes Today


Score Distribution

Your Account Isn't Verified!

In order to create a playlist on Sporcle, you need to verify the email address you used during registration. Go to your Sporcle Settings to finish the process.

Report this User

Report this user for behavior that violates our Community Guidelines.

Details: